| Поле | Инд. | ПП | Название | Значение |
|---|---|---|---|---|
| Тип записи | a | |||
| Библиографический уровень | b | |||
| 001 | Контрольный номер | RU/IS/BASE/103310668 | ||
| 005 | Дата корректировки | 20200601191456.1 | ||
| 084 | a | Индекс другой классификации/Индекс ББК | 60.500; 60.506 | |
| 100 | 1_ | a | Автор | Козлова О. Н. |
| 245 | a | Заглавие | О социологическом знании | |
| 500 | a | Примечание | В рубрике "Преподавателю социально-гуманитарных дисциплин" | |
| 650 | a | Основная рубрика | социология | |
| 653 | a | Ключевые слова | методы социологических исследований | |
| a | Ключевые слова | методы социологического познания | ||
| a | Ключевые слова | познание | ||
| a | Ключевые слова | предмет социологии | ||
| a | Ключевые слова | социальная жизнь | ||
| a | Ключевые слова | социологическое знание | ||
| a | Ключевые слова | социологическое познание | ||
| 773 | t | Заглавие источника | Социально-гуманитарные знания | |
| d | Дата издания источника | 2003 | ||
| g | Прочая информация | № 1. - С. 80 - 93 | ||
| w | Контрольный № источника | RU/IS/BASE/101491030 | ||
| 901 | t | Тип документа | b |